[Event "Catalunya-ch (Women)"]
[Site "Spain"]
[Date "1999.??.??"]
[Round "?"]
[White "Cortada, Eva"]
[Black "Hernando Rodrigo, Lourdes"]
[Result "1-0"]
[WhiteElo "1700"]
[BlackElo "1960"]
[PlyCount "115"]
[EventDate "1999.??.??"]
[EventType "swiss"]
[EventRounds "7"]
[EventCountry "ESP"]
[SourceTitle "EXT 2000"]
[Source "ChessBase"]
[SourceDate "1999.11.16"]
[SourceVersion "1"]
[SourceVersionDate "1999.11.16"]
[SourceQuality "1"]

1. e4 c5 2. Nc3 e6 3. g3 d5 4. d3 Nf6 5. Bg2 Nc6 6. f4 d4 7. Nce2 Be7 8. Nf3 h5 9. e5 Nd5 10. Bd2 h4 11. c3 Qb6 12. Qb3 dxc3 13. Nxc3 Qxb3 14. axb3 Ndb4 15. Kd1 Nxd3 16. Kc2 Ncb4+ 17. Kb1 Bd7 18. Ne1 Nxe1 19. Rxe1 Bc6 20. Bxc6+ bxc6 21. Ne4 hxg3 22. hxg3 Rh2 23. Rc1 Re2 24. Bxb4 cxb4 25. Nc5 a5 26. Nb7 Ra7 27. Nxa5 c5 28. Nc6 Rxa1+ 29. Kxa1 Rg2 30. Nxe7 Kxe7 31. Rxc5 Rxg3 32. Rc4 f6 33. Rxb4 fxe5 34. fxe5 Re3 35. Rg4 Kf7 36. b4 Rxe5 37. Rg3 Rb5 38. Rb3 Kf6 39. Ka2 g5 40. Ka3 Kf5 41. Ka4 Rb8 42. b5 Ke5 43. b6 Kd6 44. Ka5 g4 45. Ka6 Ra8+ 46. Kb7 Rg8 47. Ka7 g3 48. b7 g2 49. Rd3+ Kc6 50. Rc3+ Kd7 51. Rc1 g1Q+ 52. Rxg1 Rxg1 53. b8Q Ra1+ 54. Kb6 Rc1 55. Qb7+ Kd6 56. Qb8+ Kd5 57. Qd8+ Ke5 58. Qg5+ 1-0

[Event "Catalunya-ch (Women)"]
[Site "Spain"]
[Date "1999.??.??"]
[Round "?"]
[White "Cortada, Eva"]
[Black "Moix Monserrat, Roser"]
[Result "0-1"]
[WhiteElo "1700"]
[BlackElo "2030"]
[PlyCount "74"]
[EventDate "1999.??.??"]
[EventType "swiss"]
[EventRounds "7"]
[EventCountry "ESP"]
[SourceTitle "EXT 2000"]
[Source "ChessBase"]
[SourceDate "1999.11.16"]
[SourceVersion "1"]
[SourceVersionDate "1999.11.16"]
[SourceQuality "1"]

1. e4 e6 2. d4 d5 3. Nd2 Ne7 4. Bd3 Ng6 5. Ne2 Nd7 6. Nf3 dxe4 7. Bxe4 Nf6 8. Bd3 Bd7 9. c3 Bc6 10. Nf4 Bd6 11. Nxg6 hxg6 12. 0-0 Bxf3 13. Qxf3 Bxh2+ 14. Kh1 Nd5 15. g3 Bxg3+ 16. Kg2 Bd6 17. Be4 Qh4 18. Rg1 c6 19. Bd2 Qh2+ 20. Kf1 Qh3+ 21. Qxh3 Rxh3 22. Ke2 Kd7 23. Rh1 Rah8 24. Rxh3 Rxh3 25. Rg1 Nf6 26. Bf3 Nd5 27. c4 Ne7 28. c5 Bc7 29. b4 Nf5 30. Bg4 Nxd4+ 31. Kf1 Rd3 32. Be3 Be5 33. Bxd4 Rxd4 34. Be2 Rxb4 35. Rg5 Bf6 36. a3 Rb1+ 37. Kg2 Bxg5 0-1

[Event "Catalunya-ch (Women)"]
[Site "Spain"]
[Date "1999.??.??"]
[Round "?"]
[White "Cortada, Eva"]
[Black "Montijano, Sara"]
[Result "1-0"]
[WhiteElo "1700"]
[BlackElo "1715"]
[PlyCount "125"]
[EventDate "1999.??.??"]
[EventType "swiss"]
[EventRounds "7"]
[EventCountry "ESP"]
[SourceTitle "EXT 2000"]
[Source "ChessBase"]
[SourceDate "1999.11.16"]
[SourceVersion "1"]
[SourceVersionDate "1999.11.16"]
[SourceQuality "1"]

1. e4 e5 2. Nf3 Nc6 3. Bc4 Nf6 4. d3 Bc5 5. Nc3 d6 6. Bg5 Be6 7. Bb3 Nd4 8. 0-0 Qd7 9. h3 0-0-0 10. Nd2 Bxb3 11. axb3 Rde8 12. Na4 Qc6 13. Be3 Ne6 14. Nxc5 Nxc5 15. Rxa7 Kd7 16. Bxc5 Qxc5 17. Rxb7 Ra8 18. c3 Ra2 19. Qc2 Rha8 20. Rb4 Ra1 21. Ra4 Rxf1+ 22. Kxf1 Rd8 23. b4 Qc6 24. Qb3 Ke8 25. Ra5 Qd7 26. Nf3 h6 27. Qa3 Nh5 28. c4 Nf4 29. c5 f6 30. cxd6 Qxd6 31. Ne1 Nxd3 32. Rd5 Qxb4 33. Nxd3 Qxa3 34. bxa3 Ra8 35. Ne1 Rxa3 36. f3 Ra1 37. g4 Rc1 38. h4 c5 39. g5 c4 40. Ke2 c3 41. Rc5 Ke7 42. Nd3 Rh1 43. f4 Rxh4 44. gxf6+ gxf6 45. Kf3 Rh3+ 46. Ke2 exf4 47. Nxf4 Rh2+ 48. Ke3 c2 49. Ne2 Rh3+ 50. Kd4 Rh2 51. Rxc2 h5 52. Kd3 Kd6 53. Rc1 Ke5 54. Rc5+ Kd6 55. Rd5+ Ke6 56. Nf4+ Ke7 57. Nxh5 Rg2 58. Ke3 Rg1 59. Ke2 Rh1 60. Rf5 Rh2+ 61. Kd3 Rh1 62. Nxf6 Rh6 63. Ng8+ 1-0

[Event "Catalunya-ch (Women)"]
[Site "Spain"]
[Date "1999.??.??"]
[Round "?"]
[White "Serradesanferm Gonzalez, Laura"]
[Black "Cortada, Eva"]
[Result "0-1"]
[WhiteElo "1700"]
[BlackElo "1700"]
[PlyCount "52"]
[EventDate "1999.??.??"]
[EventType "swiss"]
[EventRounds "7"]
[EventCountry "ESP"]
[SourceTitle "EXT 2000"]
[Source "ChessBase"]
[SourceDate "1999.11.16"]
[SourceVersion "1"]
[SourceVersionDate "1999.11.16"]
[SourceQuality "1"]

1. d4 d5 2. c4 c6 3. e3 Nf6 4. Nc3 Bf5 5. Nf3 Nbd7 6. Qb3 Rb8 7. Be2 e6 8. 0-0 Be7 9. Bd2 0-0 10. Nh4 Ne4 11. Nxf5 Nxd2 12. Qa4 Nxf1 13. Rxf1 exf5 14. Qxa7 Nf6 15. Bd3 g6 16. Qa4 Qc7 17. Qb3 Ng4 18. g3 h5 19. cxd5 cxd5 20. Nxd5 Qd6 21. h3 Nf6 22. Bc4 Ne4 23. Rd1 h4 24. gxh4 Bxh4 25. f3 Qg3+ 26. Kf1 Qf2# 0-1